| 000 -LEADER |
| fixed length control field |
00406nam a22001217a 4500 |
| 082 ## - DEWEY DECIMAL CLASSIFICATION NUMBER |
| Classification number |
TNC AA B631 |
| 100 ## - MAIN ENTRY--PERSONAL NAME |
| Personal name |
Bodhananda, Swami |
| 9 (RLIN) |
22254 |
| 245 ## - TITLE STATEMENT |
| Title |
Indian management and leadership : |
| Remainder of title |
Spiritual and ethical values for corporate and personal success |
| Statement of responsibility, etc |
by Swami Bodhananda |
| 260 ## - PUBLICATION, DISTRIBUTION, ETC. (IMPRINT) |
| Place of publication, distribution, etc |
New Delhi |
| Name of publisher, distributor, etc |
Bluejay |
| Date of publication, distribution, etc |
2007 |
| 300 ## - PHYSICAL DESCRIPTION |
| Extent |
226p. |
| 650 ## - SUBJECT ADDED ENTRY--TOPICAL TERM |
| Topical term or geographic name as entry element |
Philosophy, Hindu |
| 9 (RLIN) |
23456 |
| 650 ## - SUBJECT ADDED ENTRY--TOPICAL TERM |
| Topical term or geographic name as entry element |
India -Religion |
| 9 (RLIN) |
23457 |